LEADER 01243nam a2200301 u 4500 001 000000086138 003 CaOOAMICUS 005 20070226124250.0 008 050926s1960 it u000 u ita u 035 $a11059976 040 $aPUL(R)$bita 041 1 $aita$alat 100 0 $aApuleius,$dsec. II.$0(OLS)http://pul/name/1176 240 10$aMetamorphoses$9(Apuleius, sec. II).$lItaliano e latino.$0(OLS)http://pul/title/111673 245 13$aLe Metamorfosi, o L'Asino d'oro /$ctesto latino e versione di Guido Vitali. 260 $aBologna :$bZanichelli,$c1960. 300 $axviii, 303 p.; ;$c20 cm 490 1 $aProsatori di Roma 700 1 $aMarchesi, Concetto,$d1878-1957.$0(OLS)http://pul/name/10192 740 22$aL'Asino d'oro. 830 0$aProsatori di Roma.$0(OLS)http://pul/title/7673 850 $aPUL 852 $aPUL$W1$xDP1 Fondo Cecchetti$y53$m293 E 4$j109377$nBK-PRI$b $qFondi$B109377$CPULBib$Z2$F109377 $HPUL3343 $81 900 $aApuleio, Lucio,$dsec. II$91176 941 1 $a1 996 $6245$aLe Metamorfosi, o L'Asino d'oro$9(OLS)http://pul/title/111674 996 $6740$aL'Asino d'oro$9(OLS)http://pul/title/111675 996 $6260$aBologna :$bZanichelli$9(OLS)http://pul/publisher/48255 LEADER 01600nam a2200313 u 4500 001 000000005630 003 CaOOAMICUS 005 20070226104801.0 008 940514s1965 it u000 u ita u 035 $a10143711 040 $aWU$bita$cWU$dMnU$dCStRLIN$dPUL(R) 100 1 $aMalgeri, Francesco.$0(OLS)http://pul/name/5797 245 13$aLa stampa cattolica a Roma dal 1870 al 1915 /$cFrancesco Malgeri. 260 $aBrescia :$bMorcelliana,$c1965. 300 $a367 p. ;$c23 cm 490 1 $aBiblioteca di storia contemporanea.$aSezione prima, Il movimento cattolico in Italia e in Europa ;$v11 504 $aInclude indicazioni bibliografiche e indice. 650 4$aStampa cattolica$zRoma.$0(OLS)http://pul/subject/5101 830 0$aBiblioteca di storia contemporanea.$nSezione prima,$pIl movimento cattolico in Italia e in Europa, ;$v11.$0(OLS)http://pul/title/10550 850 $aPUL 852 $aPUL$W1$xDP1 Fondo Maccarrone$y58$m1513 B 23$j7881$nBK-PRI$b $qFondi$B7881$CPULBib$Z2$F7881 $H $81 852 $aPUL$W1$xSL Filosofia 1$y2$m117 B 41$j7882$nBK-PRI$b $qStampati$B7882$CPULBib$Z2$F7882 $H $81 852 $aPUL$W1$xSL Filosofia 1$y2$m138 C 50$j7883$nBK-PRI$b $qStampati$B7883$CPULBib$Z2$F7883 $HPUL74353 $81 941 1 $a8 941 1 $a1 961 $aINV: 2948. Fondo Maccarrone. 961 $aINV: 26265 996 $6245$aLa stampa cattolica a Roma dal 1870 al 1915$9(OLS)http://pul/title/8249 996 $6260$aBrescia :$bMorcelliana$9(OLS)http://pul/publisher/47854